00962cam a22003011 4500001001300000003000400013005001700017008004100034010001700075035002000092040001800112042001200130043001200142050002000154100002300174245005700197260001600254300003200270440007100302500001400373500006900387504004200456650003500498650004100533700003900574700003000613999001700643sa 68009180 DLC20260227112541.0890522s1967 ii c 000 0 hino  asa 68009180  a(OCoLC)19746976 aDLCcWaUdDLC apremarc aa-ii---00aPK1939b.S548141 aSingh, Janki Nath.10aHindī kaviyoṃ kā chandaśastra ko yogadāna. c[1967 or 8] a9, 226, 6 p.bport.c23 cm. 0aSeṭha Bholārāma Sekasariyā smāraka grantha-mālā,v20 aIn Hindi. aList of the publications of Lucknow University: [1]-6 (3d group) aBibliography: p. [207]-212 (3d group) 0aHindi languagexVersification. 0aHindi poetryxHistory and criticism.1 aDīkshita, Hirālālā,d1916-1 aShukla, Prabhakar,d1935- c82771d82771